00739nam a2200205Ia 4500003000900000008004100009020002200050040001600072080001200088245013400100260002600234300001500260650001800275650001800293650003500311700003500346942000700381999001700388952012800405IN-BaIIA211028s9999 xx 000 0 eng d a978-1-848-31597-6 cIIA Library a52bTHI 0a30-second astronomybthe 50 most mindblowing discoveries in astronomy each explained in half a minutecedited by Francois Fressin aU.KbIcon Booksc2013 a160p. + cd aAstronomy980 aSolar physics aThirty second astronomy936012 aFressin, Francois., ed.936013 cBK c18839d18839 00104070aBANbBANcGENd2014-01-08eFLI g1363.00l0o52/ THIp19761r2021-11-05v1363.00w2014-01-08yBKGRs. 1363.00